MARC details
| 000 -CABECERA |
| campo de control de longitud fija |
01039nam a2200241 a 4500 |
| 001 - NÚMERO DE CONTROL |
| campo de control |
000043961 |
| 005 - FECHA Y HORA DE LA ÚLTIMA TRANSACCIÓN |
| campo de control |
20201002045051.0 |
| 008 - DATOS DE LONGITUD FIJA--INFORMACIÓN GENERAL |
| campo de control de longitud fija |
140512s2011 sp ac 000 0 spa d |
| 020 ## - NÚMERO INTERNACIONAL ESTÁNDAR DEL LIBRO |
| Número Internacional Estándar del Libro |
9788415274148 |
| 040 ## - FUENTE DE LA CATALOGACIÓN |
| Centro catalogador/agencia de origen |
DO-SdBNP |
| Lengua de catalogación |
spa |
| Centro/agencia transcriptor |
BNPHU |
| 082 ## - NÚMERO DE LA CLASIFICACIÓN DECIMAL DEWEY |
| Número de clasificación |
xxxx |
| Número de documento/Ítem |
xxxx |
| 100 1# - ENTRADA PRINCIPAL--NOMBRE DE PERSONA |
| Nombre de persona |
Costa, Joaquín, |
| Títulos y otros términos asociados al nombre |
1846-1911. |
| 9 (RLIN) |
31492 |
| 245 10 - MENCIÓN DE TÍTULO |
| Título |
Discursos librecambistas / |
| Mención de responsabilidad, etc. |
edición, introducción y notas de José María Serrano Sanz. |
| 260 ## - PUBLICACIÓN, DISTRIBUCIÓN, ETC. |
| Lugar de publicación, distribución, etc. |
Zaragoza : |
| Nombre del editor, distribuidor, etc. |
Prensas Universitarias de Zaragoza ; Instituto de Estudios Altoaragoneses, |
| -- |
Instituto de Estudios Turolenses ; Departamento de Educación, Cultura y Deporte del Gobierno de Aragón, |
| Fecha de publicación, distribución, etc. |
2011. |
| 300 ## - DESCRIPCIÓN FÍSICA |
| Extensión |
lxx, 138 p. : |
| Otras características físicas |
il. retrs. ; |
| Dimensiones |
21 cm. |
| 490 1# - MENCIÓN DE SERIE |
| Mención de serie |
Larumbe |
| -- |
Textos aragoneses |
| 490 1# - MENCIÓN DE SERIE |
| Mención de serie |
Historia y pensamiento |
| Designación de volumen o secuencia |
70 |
| 490 1# - MENCIÓN DE SERIE |
| Mención de serie |
Larumbe |
| -- |
Textos aragoneses |
| 500 ## - NOTA GENERAL |
| Nota general |
Incluye referncias bibliográficas y notas al pie de las páginas |
| 504 ## - NOTA DE BIBLIOGRAFÍA, ETC. |
| Nota de bibliografía, etc. |
Bibliografía: p. [131]-134 |
| 830 #0 - PUNTO DE ACCESO ADICIONAL DE SERIE-TÍTULO UNIFORME |
| Título uniforme |
Larumbe |
| Nombre de parte o sección de la obra |
textos aragoneses ; |
| 9 (RLIN) |
71906 |
| 830 #0 - PUNTO DE ACCESO ADICIONAL DE SERIE-TÍTULO UNIFORME |
| Título uniforme |
Historia y pensamiento ; |
| Designación de volumen o secuencia |
70 |
| 9 (RLIN) |
71907 |